000 00503nam a2200181Ia 4500
005 20250326125214.0
008 250326s9999 xx 000 0 und d
037 _aTextbook
040 _aFMSL
_beng
_cFMSL
041 _aeng
_2eng
084 _aX56:8 L2
_qFMSL
100 _aBrandt L K
_9738056
245 0 _aAnalysis for ficial management
_cBrandt L K
260 _aNew Jersey
_bNew Jersey, Prentice-Hall
_c1972
300 _a540p
942 _cTB
_hX56:8 L2
999 _c1277000
_d1277000